[Event "Teresina-ch"]
[Site "Teresina"]
[Date "2024.03.09"]
[Round "3"]
[White "Da Fonseca Pinto, Joao Gabriel Alves"]
[Black "Lima, Lucas De Souza"]
[Result "1-0"]
[WhiteElo "1903"]
[BlackElo "1748"]
[PlyCount "55"]
[EventDate "2024.03.07"]
[EventType "swiss"]
[EventRounds "6"]
[EventCountry "BRA"]
[SourceTitle "CB11_2024"]
[SourceDate "2024.03.13"]
[SourceVersion "1"]
[SourceVersionDate "2024.03.13"]
[SourceQuality "1"]

1. e4 c5 2. Nf3 d6 3. d4 cxd4 4. Nxd4 Nf6 5. Nc3 a6 6. f3 e5 7. Nb3 Be6 8. Be3 Nbd7 9. Qd2 Be7 10. 0-0-0 0-0 11. g4 Qc7 12. g5 Nh5 13. Kb1 b5 14. a3 f5 15. Nd5 Bxd5 16. Qxd5+ Kh8 17. exf5 Rac8 18. Qd3 a5 19. Bh3 Nf4 20. Bxf4 exf4 21. Nd4 Nc5 22. Qd2 Bxg5 23. f6 Rce8 24. fxg7+ Qxg7 25. Rhg1 Qf6 26. Nf5 Na4 27. Qd4 Re2 28. Rxg5 1-0

[Event "Florianopolis op 10th"]
[Site "Florianopolis"]
[Date "2024.01.25"]
[Round "7"]
[White "Da Fonseca Pinto, Joao Gabriel Alves"]
[Black "Da Costa, Mariana Nara Santan"]
[Result "1-0"]
[WhiteElo "1808"]
[BlackElo "1544"]
[PlyCount "61"]
[EventDate "2024.01.20"]
[EventType "swiss"]
[EventRounds "10"]
[EventCountry "BRA"]
[SourceTitle "CB05_2024"]
[SourceDate "2024.01.31"]
[SourceVersion "1"]
[SourceVersionDate "2024.01.31"]
[SourceQuality "1"]

1. e4 e5 2. Nf3 Nf6 3. Nxe5 d6 4. Nf3 Nxe4 5. d4 d5 6. Bd3 Be7 7. 0-0 0-0 8. Re1 Nf6 9. c3 Bg4 10. Bg5 Nbd7 11. Nbd2 h6 12. Bh4 b6 13. h3 Bxf3 14. Nxf3 c5 15. Rc1 c4 16. Bb1 b5 17. a3 a5 18. Ne5 Rc8 19. Qc2 g5 20. Bg3 Kg7 21. Qf5 Rh8 22. Nxd7 Nxd7 23. Qxd5 b4 24. axb4 axb4 25. Bf5 bxc3 26. bxc3 Ba3 27. Qxd7 Bxc1 28. Be5+ Kf8 29. Qxc8 Qxc8 30. Bxc8 Bd2 31. Re2 1-0

[Event "Pan American-ch U20"]
[Site "Vila Santa Cecilia"]
[Date "2023.11.06"]
[Round "2.13"]
[White "Seccafim, Caic Dos Santos"]
[Black "Da Fonseca Pinto, Joao Gabriel Alves"]
[Result "0-1"]
[WhiteElo "2062"]
[BlackElo "1762"]
[PlyCount "140"]
[EventDate "2023.11.06"]
[EventType "swiss"]
[EventRounds "9"]
[EventCountry "BRA"]
[SourceTitle "CB46_2023"]
[SourceDate "2023.11.15"]
[SourceVersion "1"]
[SourceVersionDate "2023.11.15"]
[SourceQuality "1"]

1. e4 e5 2. Nc3 Nf6 3. g3 d5 4. exd5 Nxd5 5. Bg2 Nxc3 6. bxc3 Bd6 7. Nf3 0-0 8. 0-0 Nc6 9. Rb1 Rb8 10. d4 exd4 11. cxd4 Bg4 12. Qd3 h6 13. Bb2 Re8 14. c4 Qd7 15. Qc3 Bb4 16. Qb3 Bf8 17. d5 Na5 18. Qc3 Qa4 19. Rbc1 b6 20. Ne5 Bh5 21. Be4 f6 22. Qd3 fxe5 23. f4 Bc5+ 24. Kh1 Bd4 25. Bxd4 exd4 26. Qxd4 Qd7 27. Bc2 Be2 28. Rf2 Bxc4 29. Rd1 Rbd8 30. Qc3 Bxd5+ 31. Kg1 Qc6 32. Qb2 Nc4 33. Qb1 Kh8 34. Bg6 Re6 35. Bf5 Red6 36. Re1 Bf3 37. Qb4 Rd1 38. Bc2 Rxe1+ 39. Qxe1 Re8 40. Qc3 b5 41. Qxf3 Re1+ 42. Kg2 Ne3+ 43. Kh3 Qxf3 44. Rxf3 Nxc2 45. Rc3 Re2 46. Rxc7 a5 47. Kg4 Kg8 48. Rc5 Nd4 49. Rd5 Rxa2 50. Rxd4 b4 51. Kf5 Rc2 52. Rd8+ Kf7 53. Rd7+ Kf8 54. Ra7 Rc5+ 55. Kg6 Rb5 56. Ra8+ Ke7 57. Ra7+ Kd6 58. Ra8 b3 59. f5 b2 60. Rd8+ Ke7 61. Rd1 b1Q 62. Rxb1 Rxb1 63. Kxg7 Rb6 64. g4 a4 65. h4 a3 66. g5 hxg5 67. hxg5 a2 68. f6+ Kd6 69. f7 a1Q+ 70. Kh7 Rb8 0-1

[Event "BRA-ch 88th"]
[Site "Recife"]
[Date "2022.12.22"]
[Round "10"]
[White "Da Fonseca Pinto, Joao Gabriel Alves"]
[Black "Bouwman, Marcelo Wanderley"]
[Result "0-1"]
[WhiteElo "1622"]
[BlackElo "2122"]
[PlyCount "72"]
[EventDate "2022.12.15"]
[EventType "swiss"]
[EventRounds "11"]
[EventCountry "BRA"]
[SourceTitle "CBM 212 Extra"]
[Source "ChessBase"]
[SourceDate "2023.03.31"]
[SourceVersion "1"]
[SourceVersionDate "2023.03.31"]
[SourceQuality "1"]

1. e4 e6 2. d4 d5 3. Nc3 Bb4 4. e5 c5 5. a3 Bxc3+ 6. bxc3 Qc7 7. Nf3 b6 8. Bd3 Ba6 9. 0-0 Ne7 10. Bxa6 Nxa6 11. Qd3 Nb8 12. Bg5 Nbc6 13. Bxe7 Qxe7 14. Nd2 0-0 15. f4 f5 16. Nf3 Rac8 17. Rfc1 Na5 18. Nd2 Rfd8 19. g3 Rc7 20. Qb5 g5 21. Kh1 g4 22. Kg2 Rdc8 23. Nb3 Nc4 24. a4 cxd4 25. Nxd4 Rc5 26. Qb4 a5 27. Qb3 Kf7 28. Nb5 Rd8 29. Kf2 Nd2 30. Qa3 Nc4 31. Qb3 Qb7 32. h3 Nd2 33. Qa3 Ne4+ 34. Ke3 Rxc3+ 35. Nxc3 d4+ 36. Ke2 Nxc3+ 0-1

[Event "BRA-ch 88th"]
[Site "Recife"]
[Date "2022.12.20"]
[Round "8"]
[White "Da Fonseca Pinto, Joao Gabriel Alves"]
[Black "Moura, Eduardo Henrique B"]
[Result "1/2-1/2"]
[WhiteElo "1622"]
[BlackElo "2098"]
[PlyCount "113"]
[EventDate "2022.12.15"]
[EventType "swiss"]
[EventRounds "11"]
[EventCountry "BRA"]
[SourceTitle "CBM 212 Extra"]
[Source "ChessBase"]
[SourceDate "2023.03.31"]
[SourceVersion "1"]
[SourceVersionDate "2023.03.31"]
[SourceQuality "1"]

1. e4 g6 2. d4 Bg7 3. Nc3 d6 4. f4 a6 5. Nf3 b5 6. a3 Bb7 7. Bd3 Nd7 8. 0-0 c5 9. d5 Ngf6 10. h3 0-0 11. Be3 e6 12. dxe6 fxe6 13. Ng5 Qe7 14. Qe1 h6 15. Nf3 c4 16. e5 cxd3 17. exf6 Nxf6 18. cxd3 Nd5 19. Nxd5 Bxd5 20. Qd2 Qf6 21. Rf2 Bxf3 22. gxf3 Kh7 23. Qb4 Qf5 24. d4 d5 25. Kh2 h5 26. Rg1 Bh6 27. Qd6 Bxf4+ 28. Bxf4 Qxf4+ 29. Qxf4 Rxf4 30. Re1 Re8 31. Rfe2 Rxd4 32. Rxe6 Rd2+ 33. Kg3 Rxe6 34. Rxe6 Rxb2 35. Rxa6 Rb3 36. Rd6 Rxa3 37. Rxd5 Rb3 38. h4 Kg7 39. Rd6 Rb1 40. Rb6 b4 41. Kg2 b3 42. Kh2 b2 43. Kg2 Kf7 44. Kh2 Ke7 45. Kg2 Kd7 46. Rb7+ Kc6 47. Rb8 Kc5 48. Rb3 Kd4 49. Rb8 Kc3 50. Rc8+ Kd3 51. Rd8+ Ke3 52. Re8+ Kf4 53. Rf8+ Ke5 54. Re8+ Kf6 55. Rf8+ Kg7 56. Rb8 Kf6 57. Rb6+ 1/2-1/2

[Event "BRA-ch 88th"]
[Site "Recife"]
[Date "2022.12.18"]
[Round "5"]
[White "Do Nascimento, Christian Almeida"]
[Black "Da Fonseca Pinto, Joao Gabriel Alves"]
[Result "1-0"]
[WhiteElo "2087"]
[BlackElo "1622"]
[PlyCount "75"]
[EventDate "2022.12.15"]
[EventType "swiss"]
[EventRounds "11"]
[EventCountry "BRA"]
[SourceTitle "CBM 212 Extra"]
[Source "ChessBase"]
[SourceDate "2023.03.31"]
[SourceVersion "1"]
[SourceVersionDate "2023.03.31"]
[SourceQuality "1"]

1. d4 Nf6 2. Bf4 g6 3. Nf3 Bg7 4. e3 d6 5. h3 0-0 6. Be2 Nbd7 7. 0-0 Re8 8. c4 e5 9. dxe5 dxe5 10. Nxe5 Ne4 11. Nd3 c6 12. Nd2 Nec5 13. Rb1 Nxd3 14. Bxd3 Nc5 15. Bc2 Be6 16. b3 Nd3 17. Bg3 Nb4 18. a3 Nxc2 19. Qxc2 Qe7 20. Qa2 Rad8 21. Nf3 h6 22. Rfd1 Qc5 23. Bc7 Rxd1+ 24. Rxd1 Bf8 25. a4 b5 26. cxb5 cxb5 27. Be5 Bg7 28. Bxg7 Kxg7 29. Qb2+ Kh7 30. Nd4 bxa4 31. Nxe6 Rxe6 32. Rd7 Qf5 33. Rxa7 axb3 34. Qxb3 Rf6 35. Qb2 h5 36. Ra8 Qe6 37. Qb8 Kh6 38. h4 1-0

[Event "Teresina Nordeste Cup"]
[Site "Teresina"]
[Date "2022.07.24"]
[Round "5"]
[White "Sousa, Antonielson do Vale"]
[Black "Da Fonseca Pinto, Joao Gabriel Alves"]
[Result "1-0"]
[WhiteElo "1810"]
[BlackElo "1567"]
[PlyCount "57"]
[EventDate "2022.07.22"]
[EventType "swiss"]
[EventRounds "6"]
[EventCountry "BRA"]
[SourceTitle "CBM 209 Extra"]
[Source "ChessBase"]
[SourceDate "2022.09.30"]
[SourceVersion "1"]
[SourceVersionDate "2022.09.30"]
[SourceQuality "1"]

1. e4 e6 2. d4 d5 3. Nd2 Nf6 4. e5 Nfd7 5. c3 c5 6. f4 Nc6 7. Ndf3 Qb6 8. a3 Be7 9. Nh3 cxd4 10. cxd4 f6 11. Bd3 Nf8 12. b4 a6 13. Be3 Bd7 14. 0-0 f5 15. Rb1 Nd8 16. b5 a5 17. a4 h6 18. Qe2 Nf7 19. Rfc1 Nh7 20. Nd2 g5 21. Nb3 g4 22. Nf2 h5 23. Nc5 Rc8 24. Rc2 Bxc5 25. dxc5 Qd8 26. Rbc1 0-0 27. c6 bxc6 28. bxc6 Be8 29. Bc5 1-0

[Event "Teresina-ch"]
[Site "Teresina"]
[Date "2022.03.11"]
[Round "1"]
[White "Da Fonseca Pinto, Joao Gabriel Alves"]
[Black "Amorim, Gidelson Ferreira"]
[Result "0-1"]
[WhiteElo "1483"]
[BlackElo "2108"]
[PlyCount "78"]
[EventDate "2022.03.11"]
[EventType "swiss"]
[EventRounds "5"]
[EventCountry "BRA"]
[SourceTitle "EXT 2023"]
[Source "ChessBase"]
[SourceDate "2022.10.05"]
[SourceVersion "1"]
[SourceVersionDate "2022.10.05"]
[SourceQuality "1"]

1. e4 c5 2. Nf3 d6 3. d4 cxd4 4. Nxd4 Nf6 5. Nc3 a6 6. Bg5 e5 7. Nb3 Be7 8. f3 Be6 9. Qd2 h6 10. Be3 Nbd7 11. 0-0-0 Rc8 12. Kb1 b5 13. g4 Nb6 14. g5 hxg5 15. Bxg5 Qc7 16. Bd3 Bc4 17. h4 Rd8 18. Rhe1 Kf8 19. Qf2 b4 20. Ne2 Nbd7 21. Ng3 g6 22. f4 Bxd3 23. Rxd3 Ng8 24. f5 Bxg5 25. hxg5 Ne7 26. Red1 Nb6 27. fxg6 Nxg6 28. Nf5 Nc4 29. Nd2 Nb6 30. Nf1 d5 31. exd5 Nf4 32. Rg3 Nbxd5 33. N1e3 Nxe3 34. Nxe3 Rxd1+ 35. Nxd1 Rh1 36. Qf3 Re1 37. g6 fxg6 38. Rxg6 Rxd1+ 39. Qxd1 Nxg6 0-1

[Event "Sao Luis Franklin Memorial 29th"]
[Site "Sao Luis"]
[Date "2022.01.16"]
[Round "5"]
[White "Guimaraes, Marcelo Cunha"]
[Black "Da Fonseca Pinto, Joao Gabriel Alves"]
[Result "1/2-1/2"]
[WhiteElo "2140"]
[BlackElo "1405"]
[PlyCount "80"]
[EventDate "2022.01.14"]
[EventType "swiss"]
[EventRounds "5"]
[EventCountry "BRA"]
[SourceTitle "CBM 206 Extra"]
[Source "ChessBase"]
[SourceDate "2022.03.31"]
[SourceVersion "1"]
[SourceVersionDate "2022.03.31"]
[SourceQuality "1"]

1. e4 e6 2. d4 d5 3. Nc3 Bb4 4. e5 c5 5. a3 Bxc3+ 6. bxc3 Qc7 7. Qg4 Ne7 8. Qxg7 Rg8 9. Qxh7 cxd4 10. Ne2 dxc3 11. f4 b6 12. Qd3 Bb7 13. Ng3 Nd7 14. Be3 0-0-0 15. Kf2 Kb8 16. Rb1 Nc5 17. Qb5 d4 18. Bc1 Ba6 19. Qb4 Nc6 20. Qxc5 Rd5 21. Qxc6 Qxc6 22. Bxa6 b5 23. Rb4 Qxa6 24. Ne4 Rgd8 25. Rd1 Qc6 26. Rd3 a6 27. Nf6 a5 28. Rb3 Rc5 29. h4 Ka7 30. h5 Ka6 31. h6 Qa8 32. h7 Rcd5 33. Rg3 d3 34. cxd3 Rxd3 35. Rxd3 Rxd3 36. Ng8 Qe4 37. h8Q Qd4+ 38. Ke2 Qe4+ 39. Kf2 Qd4+ 40. Ke2 Qe4+ 1/2-1/2

[Event "Sao Luis Franklin Memorial 29th"]
[Site "Sao Luis"]
[Date "2022.01.15"]
[Round "3"]
[White "Da Fonseca Pinto, Joao Gabriel Alves"]
[Black "Chaves, Allysson Pereira"]
[Result "0-1"]
[WhiteElo "1405"]
[BlackElo "2132"]
[PlyCount "54"]
[EventDate "2022.01.14"]
[EventType "swiss"]
[EventRounds "5"]
[EventCountry "BRA"]
[SourceTitle "CBM 206 Extra"]
[Source "ChessBase"]
[SourceDate "2022.03.31"]
[SourceVersion "1"]
[SourceVersionDate "2022.03.31"]
[SourceQuality "1"]

1. e4 c5 2. Nf3 g6 3. d4 cxd4 4. Nxd4 Bg7 5. Nc3 Nc6 6. Be3 Nf6 7. Bc4 0-0 8. Bb3 Ng4 9. Qxg4 Nxd4 10. Bxd4 Bxd4 11. Qg3 Qa5 12. 0-0-0 Bf6 13. h4 e6 14. Kb1 Rd8 15. f4 d6 16. h5 Kf8 17. hxg6 hxg6 18. f5 Qe5 19. Qxe5 Bxe5 20. fxg6 fxg6 21. Rh7 Rd7 22. Rdh1 Rxh7 23. Rxh7 a6 24. a4 Bg7 25. a5 Bd7 26. Na4 Bc6 27. Bxe6 Bxa4 0-1